[Event "ACT-ch"]
[Site "Canberra"]
[Date "2016.02.14"]
[Round "4"]
[White "Walker, Joshua"]
[Black "Winkelman, Albert"]
[Result "1-0"]
[WhiteElo "1813"]
[BlackElo "1751"]
[PlyCount "63"]
[EventDate "2016.02.12"]
[EventType "swiss"]
[EventRounds "9"]
[EventCountry "AUS"]
[SourceTitle "CBM 171 Extra"]
[Source "ChessBase"]
[SourceDate "2016.04.26"]
[SourceVersion "1"]
[SourceVersionDate "2016.04.26"]
[SourceQuality "1"]

1. e4 c5 2. Nf3 e6 3. d4 cxd4 4. Nxd4 a6 5. c4 d6 6. Nc3 Nf6 7. Be2 b6 8. 0-0 Bb7 9. f3 Nbd7 10. Be3 Rc8 11. Rc1 Be7 12. Qd2 0-0 13. Rfd1 Qc7 14. a3 Rfd8 15. b4 Qb8 16. Na4 d5 17. e5 Nxe5 18. Nxb6 Rc7 19. Bf4 Nfd7 20. c5 Bf6 21. Nxd7 Rdxd7 22. c6 Bxc6 23. Nxc6 Nxc6 24. Bxc7 Qxc7 25. Kh1 Qb6 26. Qd3 Nb8 27. Rc8+ Bd8 28. Rdc1 d4 29. Qe4 Qd6 30. Bd3 Rc7 31. Qxh7+ Kf8 32. R1xc7 1-0

[Event "Doeberl Cup U1200 48th"]
[Site "Canberra"]
[Date "2010.04.02"]
[Round "1"]
[White "Walker, Joshua"]
[Black "Pecori, Rafael"]
[Result "1-0"]
[WhiteElo "976"]
[BlackElo "359"]
[PlyCount "44"]
[EventDate "2010.04.02"]
[EventType "swiss"]
[EventRounds "6"]
[EventCountry "AUS"]
[SourceTitle "EXT 2012"]
[Source "ChessBase"]
[SourceDate "2011.11.24"]
[SourceVersion "1"]
[SourceVersionDate "2011.11.24"]
[SourceQuality "1"]

1. d4 d5 2. c4 dxc4 3. e4 e6 4. Bxc4 Nf6 5. Nc3 Bb4 6. Bg5 0-0 7. e5 h6 8. exf6 hxg5 9. fxg7 Re8 10. Qh5 Kxg7 11. Nf3 Rh8 12. Qxg5+ Kh7 13. Qxd8 Rxd8 14. 0-0-0 c6 15. Ne5 b5 16. Bb3 c5 17. Nxb5 Na6 18. dxc5 Bb7 19. c6 Rdc8 20. Nd6 Rg8 21. Bc2+ Rg6 22. Bxg6+ Kg7 1-0

[Event "Doeberl Cup U1200 47th"]
[Site "Canberra"]
[Date "2009.04.10"]
[Round "1"]
[White "Skinner, Isaac"]
[Black "Walker, Joshua"]
[Result "1/2-1/2"]
[WhiteElo "202"]
[BlackElo "909"]
[PlyCount "65"]
[EventDate "2009.04.10"]
[EventType "swiss"]
[EventRounds "6"]
[EventCountry "AUS"]
[SourceTitle "CBM 129 Extra"]
[Source "ChessBase"]
[SourceDate "2009.05.05"]
[SourceVersion "2"]
[SourceVersionDate "2009.05.20"]
[SourceQuality "1"]

1. e4 c6 2. d4 d5 3. e5 Bf5 4. Nf3 e6 5. Bd3 Bb4+ 6. c3 Bxd3 7. Qxd3 Ba5 8. 0-0 Ne7 9. Be3 Nf5 10. Nbd2 Nd7 11. b4 Bc7 12. a3 0-0 13. Rfd1 Re8 14. Bg5 Qc8 15. c4 Nb6 16. c5 Nd7 17. Nh4 Nxh4 18. Bxh4 Nf8 19. Qg3 Ng6 20. h3 Bd8 21. Bxd8 Qxd8 22. a4 Rb8 23. Rdb1 Qe7 24. Nf3 h6 25. b5 Red8 26. b6 a6 27. a5 Rbc8 28. h4 Nf8 29. h5 Nd7 30. Qh4 Qxh4 31. Nxh4 Kh7 32. f4 Kg8 33. g4 1/2-1/2

[Event "AUS-ch U12"]
[Site "Canberra"]
[Date "2007.01.22"]
[Round "8"]
[White "Walker, Joshua"]
[Black "Gupte, Anand"]
[Result "0-1"]
[WhiteElo "391"]
[BlackElo "587"]
[PlyCount "84"]
[EventDate "2007.01.14"]
[EventType "swiss"]
[EventRounds "11"]
[EventCountry "AUS"]
[SourceTitle "EXT 2008"]
[Source "ChessBase"]
[SourceDate "2007.11.25"]
[SourceVersion "1"]
[SourceVersionDate "2007.11.25"]
[SourceQuality "1"]

1. d3 e5 2. d4 exd4 3. Qxd4 Nc6 4. Qa4 Nf6 5. Nf3 d6 6. c3 Be6 7. Qc2 Qd7 8. Bf4 Bf5 9. Qb3 0-0-0 10. e3 Qe6 11. Bc4 d5 12. Bb5 Bc5 13. Nbd2 a6 14. Bxc6 Qxc6 15. Ne5 Qe6 16. 0-0 g5 17. Bg3 h5 18. h3 h4 19. Bh2 Bd6 20. f4 gxf4 21. exf4 Bc5+ 22. Kh1 Ne4 23. Nxe4 Bxe4 24. Bg1 Bxg1 25. Kxg1 Rhg8 26. Nf3 Qxh3 27. Kf2 Qxg2+ 28. Ke3 Bxf3 29. Rxf3 Rge8+ 30. Kd4 Re4+ 31. Kc5 b6+ 32. Qxb6 cxb6+ 33. Kxb6 Re6+ 34. Kc5 Qxf3 35. Kb4 Qxf4+ 36. Kb3 Qc4+ 37. Ka3 Re4 38. b3 Qxc3 39. Rh1 Qb4+ 40. Kb2 Re2+ 41. Kc1 Qd2+ 42. Kb1 Qb2# 0-1

[Event "AUS-ch U12"]
[Site "Canberra"]
[Date "2007.01.20"]
[Round "6"]
[White "Walker, Joshua"]
[Black "Canale, Dominic"]
[Result "1-0"]
[WhiteElo "391"]
[BlackElo "564"]
[PlyCount "31"]
[EventDate "2007.01.14"]
[EventType "swiss"]
[EventRounds "11"]
[EventCountry "AUS"]
[SourceTitle "EXT 2008"]
[Source "ChessBase"]
[SourceDate "2007.11.25"]
[SourceVersion "1"]
[SourceVersionDate "2007.11.25"]
[SourceQuality "1"]

1. d4 d5 2. e3 Nf6 3. Bd3 Nc6 4. c3 e6 5. Nd2 Bd6 6. f4 0-0 7. Ngf3 b6 8. 0-0 Bb7 9. Ne5 Bxe5 10. fxe5 Nd7 11. Qh5 g6 12. Qh6 f6 13. Bxg6 hxg6 14. Qxg6+ Kh8 15. Rf3 Qe7 16. Rh3+ 1-0